Wiring the world: (Record no. 3626)
[ view plain ]
| 000 -LEADER | |
|---|---|
| fixed length control field | 00426nam a22001457a 4500 |
| 050 ## - LIBRARY OF CONGRESS CALL NUMBER | |
| Classification Number | TK6675 |
| Item Number | .W57 |
| 100 ## - MAIN ENTRY--Author | |
| Personal name | Newman, Joseph Ed. |
| 245 ## - TITLE | |
| Title | Wiring the world: |
| Remainder of title | the explosion in communications |
| 260 ## - PUBLICATION, DISTRIBUTION, ETC.(IMPRINT) | |
| Place of publication, distribution, etc | Washington |
| Name of publisher, distributor, etc | A division of U.S. News and World report |
| Date of publication, distribution, etc | 1971 |
| 300 ## - PHYSICAL DESCRIPTION | |
| Extent | 49 p. |
| 650 ## - SUBJECT--TOPIC | |
| Topical term following geographic name as entry element | Cable television |
| 650 ## - SUBJECT--TOPIC | |
| Topical term following geographic name as entry element | Artificial satellites in telecommunication |
| 650 ## - SUBJECT--TOPIC | |
| Topical term following geographic name as entry element | Video recording |
| 942 ## - ADDED ENTRY ELEMENTS(KOHA) | |
| Koha item type | General circulation |
| Source of classification or shelving scheme | Not for loan | Location (home branch) | Sublocation (holding branch) | Date accessioned | Cost, normal purchase price | Full call number | Barcode | Cost, replacement price | Koha item type | Public note |
|---|---|---|---|---|---|---|---|---|---|---|
| Library of Congress Classification | Main Campus Library | Main Campus Library | 09/10/2014 | 326.00 | TK 6675 .W57 | 2019/024981 | 826.00 | General circulation | JT |